Click the Bigger Countries - Statistics

General Stats
  • This quiz has been taken 1,620 times
    1,178 since last reset
  • The average score is 29 of 45
Answer Stats
Question Tile Select % Correct
INDIA Yes
96%
INDIA No
95%
INDIA No
94%
INDIA No
92%
INDIA No
91%
INDIA Yes
91%
INDIA No
90%
INDIA No
83%
INDIA Yes
76%
SOUTH AFRICA No
72%
SOUTH AFRICA No
70%
SOUTH AFRICA No
69%
SOUTH KOREA No
68%
SOUTH AFRICA No
67%
SOUTH AFRICA No
67%
SPAIN No
67%
SOUTH KOREA No
67%
SINGAPORE No
67%
SOUTH KOREA No
66%
SOUTH KOREA Yes
65%
SOUTH AFRICA Yes
64%
SPAIN No
64%
SPAIN No
63%
SOUTH KOREA No
63%
SINGAPORE No
63%
SOUTH AFRICA Yes
62%
SINGAPORE No
62%
SPAIN No
61%
SPAIN No
60%
SINGAPORE No
59%
SPAIN Yes
58%
SPAIN Yes
56%
SPAIN No
56%
SINGAPORE Yes
55%
SOUTH AFRICA No
53%
SINGAPORE No
53%
SOUTH AFRICA Yes
52%
SINGAPORE Yes
52%
SINGAPORE No
49%
SOUTH KOREA No
47%
SOUTH KOREA No
46%
SOUTH KOREA Yes
45%
SPAIN Yes
42%
SINGAPORE Yes
42%
SOUTH KOREA Yes
34%
No matching quizzes found
Score Distribution
Percent of People with Each Score
Percentile by Number Answered
Your Score History
You have not taken this quiz since the last reset